Adivinar las provincias argentinas mientras se dibujan - Estadísticas

Estadísticas generales
  • Esta prueba ha sido intentada 1.055 veces
  • La puntuación promedio es 17 de 24
Respuestas en el mapa
Las respuestas están codificadas por una escala verde-roja en el mapa de la prueba según el % correcto abajo.
 
Estadísticas de respuestas
Provincia % Correcto
Buenos Aires
77%
Córdoba
75%
Formosa
75%
Chaco
74%
Chubut
74%
La Pampa
73%
Misiones
73%
Catamarca
72%
Jujuy
71%
Corrientes
70%
Entre Rios
70%
Mendoza
70%
Salta
70%
Ciudad de Buenos Aires
69%
Rio Negro
69%
Tierra del Fuego
69%
La Rioja
68%
Santa Fe
68%
San Luis
67%
Santa Cruz
67%
Neuquén
66%
San Juan
66%
Santiago del Estero
64%
Tucumán
64%
No se encontraron pruebas coincidentes
Distribución de puntuación
Porcentaje de gente con cada puntuación
Porcentaje por número respondido
Historial de tus puntuaciones
No has intentado esta prueba.